1076 1604 1933 1463 1607 1758 1044 1935 1348 1932 1919 1940 1096 1188 1838 1433 1744 1540 1496 1410 1586 1631 1730 1080 1215 1122 1289 1939 1710 1636 1850 1462 1106 1270 1004 1706 1848 1220 1902 1655 1312 1252 1841 1988 1317 1097 1693 1761 1561 1403 1711 1155 1445 1135 1677 1464 1568 1591 1907 1958 1202 1390 1615 1695 1181 1742 1205 1450 1274 1998 1376 1940 1177 1351 1109 1307 1364 1207 1848 1156 2000 1920 1797 1856 1957 1021 1314 1275 1492 1576 1936 1914 1579 1280 1022 1455 1334 1227 1745 BCNSPRNW ULIB Ver.6.0+V

เปลี่ยนเป็นภาษาไทย

Change to English
 แสดงรายละเอียดบรรณานุกรม
  กลับหน้าหลัก

Brief Record : Get Marc (ISO 2709) : E-mail record : QR code < ปิดหน้าต่าง
LEADER : 00000nam 2200000uu 4500
001    13399112138
003     ULIB
008    110727s2549||||th 000 0 tha d
020    9749554108
050  4 HA62^bน198ว 2549
245 00 วิธีการวิจัยเบื้องต้น /^cคณะศิลปศาสตร์และวิทยาศาสตร์ มหาวิทยาลัยธุรกิจบัณฑิตย์
250    พิมพ์ครั้งที่ 4
260    กรุงเทพฯ :^bโรงพิมพ์มหาวิทยาลัยธุรกิจ,^c2549
300    236 หน้า :^bภาพประกอบ ;^c27 ซม.
650  4 วิจัย
710 2  คณะศิลปศาสตร์และวิทยาศาตร์. ^bมหาวิทยาลัยธุกิจบัณฑิตย์
945    ^p145^l0^i021686
995    ทศพร
999 ^a ทศพร
รายการนี้ยังไม่มีแท็ก
คุณยังไม่ได้ล็อกอิน คุณสามารถมีกิจกรรมร่วมกับเว็บไซต์ได้ แต่ต้องล็อกอินก่อน ::
  ล็อกอิน

รายการสื่อสารสนเทศ

ลำดับที่ ประเภท เลขเรียก/บาร์โค้ด สถานที่ สถานะ
- ไม่พบข้อมูล -

รายการใกล้เคียง
    หัวเรื่อง [วิจัย]

BibComment


ยังไม่เคยถูกคอมเมนท์

คอมเมนท์ทรัพยากรรายการนี้
  คอมเมนท์: วิธีการวิจัยเบื้อ..


 Copyright 2026. Bcnsprnw @Library